[Event "TCh-FIN 2010-11"]
[Site "Helsinki FIN"]
[Date "2011.02.12"]
[Round "6.5"]
[White "Niemi,M"]
[Black "Binham,T"]
[Result "0-1"]
[WhiteElo "2248"]
[BlackElo "2321"]

1.c4 e5 2.g3 f5 3.d4 exd4 4.Qxd4 Nc6 5.Qe3+ Kf7 6.Nh3 Nf6 7.Bg2 Bb4+ 8.Bd2 Re8
9.Qd3 d6 10.O-O Bc5 11.Nc3 Ne5 12.Qc2 a5 13.b3 c6 14.Rad1 Kg8 15.Nf4 Qe7
16.Nd3 Ba7 17.Bf4 Ng6 18.Bg5 Bd7 19.Qd2 h6 20.Nf4 Ne5 21.Bxf6 Qxf6 22.Qxd6 Qxd6
23.Rxd6 Bc5 24.Rdd1 Rad8 25.e3 Bb4 26.Na4 g5 27.Nd3 Nxd3 28.Rxd3 Be6 29.Rfd1 Rxd3
30.Rxd3 Kf7 31.Kf1 Ke7 32.Ke2 b5 33.cxb5 cxb5 34.Nb6 Rd8 35.Bc6 Rxd3 36.Kxd3 Bc5
37.Na8 Kd6 38.Bg2 Bd7 39.a4 bxa4 40.bxa4 Bxa4 41.Kc4 Bd1 42.Kb5 a4 43.Nc7 Be2+
44.Kxa4 Kxc7 45.Kb3 Kd6 46.Kc3 Bb5 47.Bh3 Ke5 48.Kd2 Bb4+ 49.Kd1 Bd3 50.Bg2 g4
51.f3 gxf3 52.Bxf3 Bf1 53.Bc6 Bc4 54.Bf3 Bd5 55.Ke2 Bc4+ 56.Kf2 Bc5 57.Bc6 Bd3
58.Bd7 Bc4 59.Bc6 Bb6 60.Kf3 Bd3 61.Bd7 Be4+ 62.Ke2 Bd5 63.g4 f4 64.exf4+ Kxf4
65.h4 Bc4+ 66.Kd2 Ba5+ 67.Kd1 Kg3 68.h5 Kf3 69.Kc2 Kf4 70.Kd1 Ke3 71.Kc2 Bd3+
72.Kd1 Bd2 73.Bf5 Bb5 74.Bg6 Be2+ 75.Kc2 Bxg4 76.Be8 Bf3 77.Bg6 Bc6 78.Kb3 Bd5+
79.Kc2 Ba5 80.Be8 Be4+ 81.Kb3 Kd4 82.Ka4 Bd2 83.Kb3 Be1 84.Bf7 Bg3 85.Be8 Be5
86.Kb4 Bf3 87.Bg6 Bd1 88.Kb5 Bf3 89.Kb4 Bd6+ 90.Kb3 Bd1+ 91.Kb2 Bf4 92.Bf7 Kd3
93.Bg6+ Kd2 94.Bf7 Be5+ 95.Kb1 Bc2+ 96.Ka2 Ke3 97.Ka3 Bd6+ 98.Kb2 Kd2 99.Ka2 Kc3
100.Ka1 Be4 101.Ka2 Bf3 102.Kb1 Be2 103.Ka2 Bc5 104.Kb1 Bd3+ 105.Kc1 Bc2  0-1

[Event "ch-TUR"]
[Site "Kemer-Antalya TUR"]
[Date "2011.02.13"]
[Round "10"]
[White "Ikis,Melih Firat"]
[Black "Onem,C"]
[Result "1/2-1/2"]
[WhiteElo "1845"]
[BlackElo "2036"]

1.c4 e5 2.g3 Nf6 3.Bg2 c6 4.Nf3 d6 5.O-O Be7 6.Nc3 O-O 7.d3 h6 8.Rb1 Be6
9.b4 Nbd7 10.b5 d5 11.bxc6 bxc6 12.cxd5 cxd5 13.d4 e4 14.Ne5 Rc8 15.Nxd7 Nxd7
16.Rb3 Nb6 17.Nb5 a6 18.Na3 Nc4 19.Nxc4 dxc4 20.Rb1 f5 21.Qa4 Qd6 22.Bf4 Qc6
23.Qxc6 Rxc6 24.f3 Bd5 25.fxe4 fxe4 26.Rfc1 Bd8 27.Bd2 Bb6 28.e3 Rfc8 29.Bc3 Rf6
30.Rf1 Rxf1+ 31.Kxf1 Rc6 32.Ke2 Kf7 33.Rf1+ Rf6  1/2-1/2

[Event "ch-ROU Women"]
[Site "Sarata Monteoru ROU"]
[Date "2011.02.14"]
[Round "3.10"]
[White "Lolici,I"]
[Black "Bulmaga,E"]
[Result "1-0"]
[WhiteElo "1988"]
[BlackElo "1825"]

1.c4 e5 2.g3 Nc6 3.Bg2 Nf6 4.Nc3 Bc5 5.e3 d5 6.Nxd5 Nxd5 7.cxd5 Nb4 8.Qb3 Bf5
9.e4 Bg4 10.a3 Qf6 11.f3 Na6 12.Qxb7 Rb8 13.Qc6+ Qxc6 14.dxc6 Be6 15.Ne2 O-O
16.b4 Bb6 17.Bb2 f6 18.f4 Bb3 19.d4 exf4 20.gxf4 Rbd8 21.b5 Nb8 22.a4 Ba5+
23.Kf2 a6 24.Ra3 Bc4 25.Rc1 Bf7 26.d5 f5 27.Rg3 g6 28.Bf6 Rde8 29.e5 axb5
30.axb5 Bb6+ 31.Kf1 Ba5 32.Rd1 Bb4 33.Nd4 Bc5 34.Nxf5 Rc8 35.Nh6+  1-0

[Event "ch-ROU Men"]
[Site "Sarata Monteoru ROU"]
[Date "2011.02.14"]
[Round "3.33"]
[White "Ciobanu,Au"]
[Black "Motounu,V"]
[Result "1-0"]
[WhiteElo "2214"]
[BlackElo "1888"]

1.c4 e5 2.g3 Nf6 3.Bg2 d5 4.cxd5 Nxd5 5.Nc3 Nb6 6.Nf3 Nc6 7.a3 Be6 8.b4 f6
9.O-O Be7 10.Bb2 Qd7 11.d3 g5 12.Ne4 Bh3 13.Rc1 Bxg2 14.Kxg2 h5 15.h4 gxh4
16.Nxh4 f5 17.Nc5 Bxc5 18.Rxc5 O-O-O 19.b5 Nd4 20.e3 Nxb5 21.Bxe5 Rh7 22.a4 Nd6
23.a5 Na4 24.Rc2 Qb5 25.d4 Nc4 26.Qe2 Na3 27.Qxb5 Nxb5 28.Nxf5 Nac3 29.f3 Re8
30.e4 Re6 31.Rfc1 Ra6 32.Rxc3 Nxc3 33.Rxc3  1-0

[Event "16th Lienz-Open 2011"]
[Site "Lienz AUT"]
[Date "2011.02.16"]
[Round "6"]
[White "Neff,G"]
[Black "Gaponenko,I"]
[Result "1-0"]
[WhiteElo "2167"]
[BlackElo "2466"]

1.c4 e5 2.g3 Nc6 3.Bg2 g6 4.Nc3 Bg7 5.e4 d6 6.Nge2 h5 7.h4 Bg4 8.f3 Be6 9.Nd5 Nh6
10.d3 O-O 11.Bg5 f6 12.Be3 f5 13.Qd2 Kh7 14.O-O-O Qd7 15.Kb1 Nd8 16.exf5 Nxf5
17.Bg5 c6 18.Ndc3 d5 19.g4 Nd4 20.gxh5 gxh5 21.cxd5 Nxe2 22.dxe6 Nxc3+ 23.Qxc3 Nxe6
24.Bh3 Rxf3 25.Bg2 e4 26.Qc4 Rf2 27.Bxe4+ Kh8 28.Rd2 Raf8 29.Be3 Rxd2 30.Bxd2 Rf2
31.Bc3 Bxc3 32.bxc3 Qd6 33.d4 Qa3 34.Bc2 Qd6 35.Re1 Ng7 36.Qd3 Nf5  1-0

[Event "G-TEAM Open"]
[Site "Novy Bor CZE"]
[Date "2011.02.16"]
[Round "6"]
[White "Golcman,E"]
[Black "Baciu,D"]
[Result "1/2-1/2"]
[WhiteElo "2298"]
[BlackElo "2131"]

1.c4 e5 2.g3 Nf6 3.Bg2 d5 4.cxd5 Nxd5 5.Nf3 Nc6 6.O-O Be7 7.d4 e4 8.Ne5 f5
9.Nxc6 bxc6 10.b3 O-O 11.Ba3 Nb4 12.Nc3 a5 13.Bb2 Bf6 14.Na4 Be6 15.Qd2 Qd6
16.Nc5 Bf7 17.Rfc1 Rfb8 18.e3 Rb6 19.Bf1 h5 20.Na4 Rbb8 21.Rc5 g6 22.Ba3 Qd7
23.Rac1 Bd5 24.Bc4 Ra7 25.Bxb4 axb4 26.Bxd5+ cxd5 27.Rc6 Kf7 28.Qc2 Rbb7
29.Rxf6+ Kxf6 30.Nc5 Qb5 31.Nxb7 Qxb7 32.Qc5 Kf7 33.Kg2 Ke8 34.Rc2 Kf7 35.f3 exf3+
36.Kxf3 c6 37.Qxc6 Qxc6 38.Rxc6 Rxa2 39.h4 Rb2 40.Rd6 Rxb3 41.Rxd5 Rb1 42.Rb5 Rf1+
43.Kg2 Rb1  1/2-1/2

[Event "ch-ROU Men"]
[Site "Sarata Monteoru ROU"]
[Date "2011.02.16"]
[Round "6.6"]
[White "Vasilescu,L"]
[Black "Berescu,A"]
[Result "0-1"]
[WhiteElo "2298"]
[BlackElo "2476"]

1.c4 e5 2.g3 Nf6 3.Bg2 Bc5 4.Nc3 O-O 5.Nf3 d6 6.O-O Nc6 7.d3 h6 8.a3 a6 9.b4 Ba7
10.Bb2 Be6 11.Nd2 Qd7 12.Nd5 Nh7 13.e3 Nd8 14.Nb3 c6 15.Nc3 Bg4 16.Qd2 f5
17.f4 Nf7 18.h3 Bh5 19.Kh2 Rae8 20.Rae1 Nf6 21.d4 exf4 22.exf4 d5 23.cxd5 cxd5
24.Nc5 Qc6 25.Qc2 Ne4 26.Bxe4 fxe4 27.Qb3 Rd8 28.g4 Bg6 29.f5 Qc7+ 30.Kh1 Bb8
31.Qc2 Ng5 32.fxg6 Qg3 33.Qg2 Qh4 34.Rxf8+ Rxf8 35.Rf1 Rf3 36.Nd7 Rxh3+ 37.Kg1 Nf3+  0-1

[Event "ch-ROU Women"]
[Site "Sarata Monteoru ROU"]
[Date "2011.02.17"]
[Round "6.5"]
[White "Lolici,I"]
[Black "Sandu,Mi"]
[Result "0-1"]
[WhiteElo "1988"]
[BlackElo "2213"]

1.c4 e5 2.g3 Nf6 3.Bg2 d5 4.cxd5 Nxd5 5.Nc3 Nb6 6.d3 Be7 7.Nf3 Nc6 8.O-O Be6
9.a3 a5 10.Bd2 O-O 11.Rc1 a4 12.Ne4 Bb3 13.Qe1 f6 14.Be3 Nd4 15.Nc5 Bd5 16.Bxd4 exd4
17.e4 dxe3 18.fxe3 Nd7 19.Nxd7 Qxd7 20.e4 Bf7 21.d4 c6 22.e5 Bd5 23.Rd1 Rad8
24.Qe2 fxe5 25.dxe5 Bc5+ 26.Kh1 Qg4 27.Qd3 b5 28.Qc3 Bb6 29.Rde1 Bc4 30.e6 Bxf1
31.e7 Bxg2+ 32.Kxg2 Qd7 33.exf8=Q+ Rxf8 34.Qe5 Bd8 35.Re2 Bf6 36.Qe4 c5 37.Rd2 Qf7
38.Qc6 b4 39.axb4 cxb4 40.Qxa4 Bxb2 41.Qc6 Bc3 42.Rd7 Qf5 43.Qd5+ Qxd5 44.Rxd5 b3
45.Nd2 b2 46.Nb1 Bf6 47.g4 h6 48.Rb5 Rc8 49.Rb7 Rc1  0-1

[Event "CXG Quadrangular"]
[Site "Rio de Janeiro BRA"]
[Date "2011.02.18"]
[Round "1.2"]
[White "Toth,Chr"]
[Black "Bronstein,L"]
[Result "1/2-1/2"]
[WhiteElo "2366"]
[BlackElo "2355"]

1.c4 e5 2.g3 Nf6 3.Bg2 c6 4.d4 Bb4+ 5.Bd2 Bxd2+ 6.Qxd2 d6 7.Nc3 O-O 8.e3 Be6
9.Rd1 Na6 10.b3 exd4 11.Qxd4 Nb4 12.Qd2 Bf5 13.e4 Re8 14.Nge2 Nxe4 15.Nxe4 Bxe4
16.Bxe4 Rxe4 17.Qxb4 Qe7 18.Rd2 Re8 19.O-O Rxe2 20.Rxe2 Qxe2 21.Qxb7 c5 22.Qxa7 h5
23.Qd7 Re6 24.a4 Qa2 25.Qc8+ Kh7 26.Qb7 Rf6 27.Qe4+ g6 28.Qb1 Qe2 29.Qd1 Qa2
30.Qa1 Rxf2 31.Qxa2 Rxa2 32.Rxf7+ Kh6 33.Rf2 Ra3 34.Kg2 Rxb3 35.Ra2 Kg5 36.a5 Rb7
37.Kf3 Kf5 38.a6 Ra7 39.h4 Ke5 40.Ke3 Kf5 41.Ra3 Ke5 42.Kd3 Kf5 43.Ke3 Ke5
44.Ra5 Kf5 45.Kd3 Ke5 46.Kc3 Ke4 47.Ra3 Ke3 48.Kb3 Kd4 49.Ra5 Kd3 50.Ra3 Kd4
51.Ra1 Ke3 52.Ra3 Kd4  1/2-1/2

[Event "ch-ROU Women"]
[Site "Sarata Monteoru ROU"]
[Date "2011.02.20"]
[Round "9.8"]
[White "Lolici,I"]
[Black "Visanescu,D"]
[Result "1/2-1/2"]
[WhiteElo "1988"]
[BlackElo "1929"]

1.c4 e5 2.g3 Nf6 3.Bg2 c6 4.Nc3 d5 5.cxd5 cxd5 6.d3 h6 7.Qb3 d4 8.Bxb7 Bxb7
9.Qxb7 Nbd7 10.Ne4 Nxe4 11.Qxe4 Bb4+ 12.Kf1 O-O 13.Nf3 Re8 14.a3 Nf6 15.Qb7 Bc5
16.b4 Bb6 17.Nd2 e4 18.Nxe4 Nxe4 19.dxe4 d3 20.Be3 Bxe3 21.fxe3 dxe2+ 22.Kxe2 Qf6
23.Qd5 Rad8 24.Qb3 Rxe4 25.Rad1 Rde8 26.Rd3 Qg5 27.Rf1 Qh5+ 28.Ke1 Qxh2 29.Qxf7+ Kh8
30.Qf2 Qh5 31.Kd2 Qe5 32.Rc1 Rg4 33.Rc5 Qb8 34.Qf7 Qa8 35.Rcd5 Rxg3 36.Qxe8+ Qxe8
37.Rd8 Rxe3 38.Rxe8+ Rxe8 39.Rd7 g5 40.Rxa7 g4 41.Rc7 g3 42.Rc1 Ra8 43.b5 Rxa3
44.Rb1 g2 45.b6 Rb3 46.Rg1 h5 47.Kc2 Rxb6 48.Rxg2  1/2-1/2

[Event "TCh-CAT Div Hon"]
[Site "Barcelona ESP"]
[Date "2011.02.26"]
[Round "5"]
[White "Martinez Lopez,I"]
[Black "Lopez Agustench,E"]
[Result "1/2-1/2"]
[WhiteElo "2278"]
[BlackElo "2255"]

1.c4 e5 2.g3 Nc6 3.Bg2 f5 4.Nc3 Nf6 5.d3 Bb4 6.e3 Bxc3+ 7.bxc3 d6 8.Ne2 O-O
9.Rb1 Qe8 10.O-O b6 11.d4 e4 12.c5 dxc5 13.dxc5 Ba6 14.Ba3 Rd8 15.Qb3+ Rf7
16.Rfe1 Na5 17.Qb2 Nc4 18.Qc1 Rd2 19.Bf1 Ng4 20.h3 Nge5 21.Nd4 Rxa2 22.Ra1 Rxa1
23.Qxa1 Bb7 24.Be2 Bd5 25.cxb6 axb6 26.Bc1 c5 27.Nc2 Qb8 28.Rd1 Ra7 29.Qb1 Be6
30.Ne1 g5 31.Ng2 Qe8 32.h4 h6 33.hxg5 hxg5 34.g4 Rh7 35.gxf5 Bxf5 36.f4 Bg4
37.Bxc4+ Nxc4 38.Rd5 gxf4 39.exf4 Rg7 40.Rg5 Qe6 41.Ne3 Nxe3 42.Bxe3 Bf3
43.Rxg7+ Kxg7 44.Kf2 Kf6 45.Qg1 Qa2+ 46.Kg3 Qg8+ 47.Kf2 Qa2+ 48.Kg3 Qf7 49.Kf2 Ke6
50.Qg5 Kd7 51.Qg1 Kc6 52.Qb1 Qc4 53.Qb2 Bg4 54.Qd2 Bh3 55.Kg3 Be6 56.Kf2 Bd7
57.Qb2 Qg8 58.Qe2 Kb7 59.Ke1 Qh8 60.Kd2 Qh1 61.Qe1 Qg2+ 62.Qf2 Qg8 63.Ke1 Qc4
64.Bd2 Qb3 65.Qe3 Bf5 66.Kf2 Qd1 67.Qe1 Qf3+ 68.Kg1 Bh3 69.Qf2 Qg4+ 70.Kh2 Qh5
71.Kg1 Bg4 72.Qh2 Qd5 73.Qf2 Kc6 74.Kh2 Kb5 75.Kg3 Bf3 76.Qh2 Qd3 77.Qf2 Kc4
78.Kh2 b5 79.f5 b4 80.cxb4 cxb4 81.Qe1 b3 82.Qc1+ Qc2 83.f6 Qxc1 84.Bxc1 Bh5
85.Kg1 e3 86.Kf1 Kd3 87.Ke1 Kc3 88.Ba3 Kc2 89.f7 Bxf7 90.Ke2  1/2-1/2

[Event "3rd Metro Chess FIDE Invitational"]
[Site "Los Angeles USA"]
[Date "2011.02.26"]
[Round "6"]
[White "Casella,M"]
[Black "Kretchetov,A"]
[Result "1/2-1/2"]
[WhiteElo "2249"]
[BlackElo "2323"]

1.c4 e5 2.g3 Nc6 3.Nc3 d6 4.Bg2 Be6 5.d3 Qd7 6.e4 g6 7.Nd5 Bg7 8.Ne2 Nd8
9.d4 c6 10.Ne3 Bh3 11.Bxh3 Qxh3 12.d5 Nf6 13.Nc3 O-O 14.Qe2 a6 15.f3 Nh5
16.Qg2 Qd7 17.O-O c5 18.Bd2 b5 19.cxb5 axb5 20.a4 b4 21.Nb5 Nb7 22.Nc4 Ra6
23.Be3 Rfa8 24.b3 Bf8 25.Qc2 Na5 26.Nd2 Rc8 27.Qd3 Raa8 28.Rac1 Qh3 29.Qe2 Qd7
30.Kg2 Be7 31.Rc2 f5 32.Qd3 Nf6 33.h3 Rf8 34.Nc4 Nxc4 35.Qxc4 Kh8 36.Bh6 Rf7
37.Ra2 Ra5 38.Raf2 Ra8 39.Ra2 Nh5 40.a5 fxe4 41.fxe4 Rxf1 42.Qxf1 Nf6 43.a6 Kg8
44.Rf2 Qd8 45.a7 Nxe4 46.Rf7 Nf6 47.Rg7+ Kh8 48.g4 Bf8 49.Rf7 Bxh6 50.Qxf6+ Qxf6
51.Rxf6 c4 52.bxc4 Be3 53.Nc7 Rxa7 54.Rf8+ Kg7 55.Ne6+ Kh6 56.Rb8 Bc5 57.h4 Ra2+
58.Kf3 Ra3+ 59.Kg2 Ra2+ 60.Kf3  1/2-1/2

[Event "Osijek Open"]
[Site "Osijek CRO"]
[Date "2011.02.26"]
[Round "5.6"]
[White "Oreskovic,P"]
[Black "Masirevic,Mir"]
[Result "1-0"]
[WhiteElo "2051"]
[BlackElo "2040"]

1.c4 e5 2.g3 Nf6 3.Bg2 Nc6 4.Nc3 d6 5.a3 Be7 6.b4 O-O 7.b5 Nd4 8.e3 Ne6 9.Nge2 h5
10.h4 Ng4 11.f3 Nh6 12.d4 exd4 13.exd4 Nf5 14.a4 Bf6 15.d5 Nxg3 16.Nxg3 Bxc3+
17.Bd2 Bxa1 18.Qxa1 Nc5 19.Nxh5 Qe7+ 20.Kf1 Qe5 21.Qxe5 dxe5 22.Bb4 b6 23.Rg1 Bf5
24.Bh1 Bd3+ 25.Kf2 g6 26.Bxc5 bxc5 27.Nf6+ Kg7 28.Nd7 Rfe8 29.Rc1 Bf5 30.Nxc5 Rh8
31.Kg3 g5 32.hxg5 Rh3+ 33.Kf2 Rah8 34.Bg2 Rh2 35.Kg3 R2h5 36.Kf2 Rxg5 37.Rh1 Rxh1
38.Bxh1 Rh5 39.Bg2 Bc8 40.a5 Rh6 41.Nd3 a6 42.Nxe5 axb5 43.cxb5 Rh4 44.Ke3 Ra4
45.a6 Ra1 46.f4 Bxa6 47.bxa6 Rxa6 48.Kd4 Ra4+ 49.Nc4 Kf6 50.Be4 Ke7 51.Kc5 Ra6
52.Ne5 Rd6 53.Nc6+ Ke8 54.Kb5 Rf6 55.f5 Kd7 56.Kc5 Ke8 57.Bd3 Kd7 58.Bb5 Kc8
59.Kd4 Rd6 60.Ne5 f6 61.Nc6 Kb7 62.Kc5 Kc8 63.Be2 Kd7 64.Bh5 Kc8 65.Bf7 Kd7
66.Be6+ Ke8 67.Kb5 Kf8 68.Ka6 Kg7  1-0

[Event "TCh-Paulista"]
[Site "Sao Paolo BRA"]
[Date "2011.02.26"]
[Round "2.16"]
[White "Correa,Aro"]
[Black "Costa,G"]
[Result "1-0"]
[WhiteElo "2380"]
[BlackElo "1908"]

1.c4 e5 2.g3 Nc6 3.Bg2 f5 4.e3 Nf6 5.d4 Bb4+ 6.Nc3 e4 7.Ne2 d5 8.cxd5 Nxd5
9.O-O Nce7 10.f3 exf3 11.Bxf3 Bxc3 12.bxc3 O-O 13.c4 Nf6 14.Ba3 Re8 15.Qb3 Nc6
16.Rae1 Ne4 17.Qc2 Ng5 18.Bd5+ Be6 19.Bxe6+ Rxe6 20.Rxf5 Rxe3 21.Qc1 Rxe2
22.Rxe2 Nxd4 23.Qf1 Nxe2+ 24.Qxe2 Qd4+ 25.Kg2 Qe4+ 26.Qxe4 Nxe4 27.Re5 Nf6
28.Re7 Rc8 29.Bb2 a6 30.c5 Ne8 31.Rd7 b5 32.c6 a5 33.Kf3 Nf6 34.Bxf6 gxf6
35.Ke4 h6 36.Kd5 Re8 37.Rxc7 b4 38.Rb7  1-0

[Event "TCh-Paulista"]
[Site "Sao Paolo BRA"]
[Date "2011.02.26"]
[Round "2.7"]
[White "Sega,C"]
[Black "Rodrigo da Silva,E"]
[Result "1-0"]
[WhiteElo "2282"]
[BlackElo "1975"]

1.c4 e5 2.g3 Nf6 3.Bg2 d5 4.cxd5 Nxd5 5.Nc3 Nb6 6.Nf3 Nc6 7.O-O Be7 8.a3 Be6
9.b4 Nd4 10.Rb1 Nxf3+ 11.Bxf3 c6 12.d3 O-O 13.Bb2 f5 14.Na4 Nxa4 15.Qxa4 Bf6
16.b5 cxb5 17.Qxb5 a6 18.Qxb7 Rb8 19.Qxa6 Ba2 20.Ra1 Rb6 21.Qa4 Bd5 22.Bxd5+ Qxd5
23.Bc3 Ra8 24.Qd1 Rb3 25.Bb4 e4 26.dxe4 Qxd1 27.Raxd1 fxe4 28.Rd7 e3 29.f4 Rc8
30.Kg2 Rc2 31.Kf3 h6 32.h4 Ra2 33.h5 Rbb2 34.Bc3  1-0

[Event "27th Open"]
[Site "Cappelle la Grande FRA"]
[Date "2011.03.02"]
[Round "6.31"]
[White "Berry,N"]
[Black "Hasangatin,R"]
[Result "1/2-1/2"]
[WhiteElo "2331"]
[BlackElo "2508"]

1.c4 e5 2.g3 Nf6 3.Bg2 d5 4.cxd5 Nxd5 5.Nc3 Nb6 6.Nf3 Nc6 7.O-O Be7 8.a3 Be6
9.b4 Nd4 10.Rb1 Nxf3+ 11.Bxf3 Rb8 12.d3 O-O 13.Bb2 f5 14.Qc2 Qd7 15.Rfc1 a6
16.Ba1 Bd6 17.a4 Qf7 18.a5 Nd5 19.Nxd5 Bxd5 20.Bxd5 Qxd5  1/2-1/2

[Event "6th Women GP"]
[Site "Doha QAT"]
[Date "2011.03.02"]
[Round "8"]
[White "Fierro Baquero,M"]
[Black "Munguntuul,B"]
[Result "1-0"]
[WhiteElo "2353"]
[BlackElo "2410"]

1.c4 e5 2.g3 f5 3.Nf3 d6 4.d4 e4 5.Nfd2 Nf6 6.Bg2 c6 7.O-O Be7 8.d5 O-O 9.Nc3 Nbd7
10.f3 cxd5 11.Nxd5 Nxd5 12.cxd5 Ne5 13.fxe4 Qb6+ 14.Kh1 Ng4 15.Nc4 Qc5 16.Qc2 b5
17.Ne3 Qxc2 18.Nxc2 fxe4 19.Rxf8+ Bxf8 20.h3 Nf6 21.Bg5 Bb7 22.Bxf6 gxf6
23.Bxe4 f5 24.Bxf5 Bxd5+ 25.e4 Bf7 26.Nd4 Bg7 27.Rd1 b4 28.b3 a5 29.Bd7 Ra7
30.Bb5 Rb7 31.Bf1 Be5 32.Nf5 Be6 33.Nd4 Bf7 34.Nf5 Be6 35.Rc1 Bxf5 36.exf5 Bxg3
37.Bc4+ Kf8 38.f6 Be5 39.Bd5 Rb8 40.Rc7 Bxf6 41.Rf7+ Ke8 42.Rxf6 Rc8 43.Re6+ Kd7
44.Rh6 Rc2 45.Rxh7+ Kd8 46.Ra7 Rxa2 47.Bc6 Rd2 48.Ba4 d5 49.Rxa5 Ke7 50.Kg1 Ke6
51.Kf1 Kd6 52.Rb5 Rh2 53.Rxb4 Rxh3 54.Rg4 Rh2 55.Rg2 Rh3 56.Ke2 Kc5 57.Kd2 Rf3
58.Kc2 Rh3 59.Rg5 Rh4 60.Kc3 Rf4 61.Bd7 Re4 62.Bc8 Re3+ 63.Kb2 Re7 64.Bg4 Re3
65.Bh5 Kb4 66.Rg4+ Kc5 67.Bf7 Re5 68.Ra4 Rf5 69.Bg8 Rf8 70.Bh7 Rf3 71.Bc2 Kb5
72.Rh4 Kc5 73.Ka3 Rc3 74.Bg6 Rg3 75.Bh5 Re3 76.Rf4 Re5 77.Bf3 Kb5 78.Rd4 Kc5
79.Rxd5+ Rxd5 80.Bxd5 Kxd5 81.Ka4 Kc5 82.Ka5 Kc6 83.b4 Kb7 84.Kb5 Ka7 85.Kc6 Ka6
86.b5+ Ka7 87.Kc7 Ka8 88.Kb6 Kb8 89.Ka6 Kc7  1-0

[Event "27th Open"]
[Site "Cappelle la Grande FRA"]
[Date "2011.03.03"]
[Round "7.39"]
[White "Smith,Ax"]
[Black "Ten Hertog,H"]
[Result "0-1"]
[WhiteElo "2451"]
[BlackElo "2272"]

1.c4 e5 2.g3 Nf6 3.Bg2 d5 4.cxd5 Nxd5 5.Nc3 Nb6 6.Nf3 Nc6 7.O-O Be7 8.a3 g5
9.d3 g4 10.Nd2 h5 11.b4 h4 12.Nc4 hxg3 13.hxg3 Be6 14.b5 Nd4 15.Nxe5 Bf6
16.Bf4 Rh5 17.e3 Bxe5 18.Bxe5 Nf3+ 19.Bxf3 gxf3 20.Qxf3 Rxe5 21.d4 Rf5 22.Qxb7 Bd5
23.Nxd5 Qxd5 24.Qxd5 Rxd5 25.a4 a6 26.a5 Nc8 27.bxa6 Rxa6 28.Rfc1 Kd7 29.Rc2 Rdxa5
30.Rac1 Ra7 31.Kg2 Ne7 32.Rh1 Ra2 33.Rc5 R7a5 34.Rhh5 Ra6 35.Rh4 Rf6 36.Rf4 Rxf4
37.gxf4 f5 38.Kg3 Kd6 39.Re5 Rb2 40.f3 c6 41.e4 Rb5 42.Kf2 Ng6 43.Re8 Nxf4
44.exf5 Rxf5 45.Rd8+ Kc7 46.Rh8 Nd5 47.Rh1 Rf4 48.Rd1 Kd6 49.Rd2 Rf6 50.Rc2 Ne7
51.Ke3 Re6+ 52.Kd3 Nf5 53.Rg2 Kd5 54.Rg8 Re3+ 55.Kd2 Rxf3 56.Rd8+ Ke4 57.Ke2 Re3+
58.Kf2 Rd3  0-1

[Event "27th Open"]
[Site "Cappelle la Grande FRA"]
[Date "2011.03.03"]
[Round "7.22"]
[White "Karavade,E"]
[Black "Gopal,G"]
[Result "1/2-1/2"]
[WhiteElo "2353"]
[BlackElo "2597"]

1.c4 e5 2.g3 Nf6 3.Bg2 d5 4.cxd5 Nxd5 5.Nc3 Nb6 6.Nf3 Nc6 7.O-O Be7 8.a3 O-O
9.b4 Be6 10.Rb1 f6 11.b5 Nd4 12.d3 Qd7 13.Nd2 c6 14.bxc6 bxc6 15.a4 Rab8
16.a5 Nd5 17.Nxd5 cxd5 18.Bb2 Nc6 19.Qa4 Rb4 20.Qa1 Rb5 21.Bc3 a6 22.Nf3 Rfb8
23.d4 e4 24.Nd2 Bh3 25.Bxh3 Qxh3 26.Rxb5 Rxb5 27.Rb1 Na7 28.Nf1 Rxb1 29.Qxb1 Nb5
30.Qb3 Qe6 31.Ne3 Kf7 32.Bb2 Bd8 33.Qa2 f5 34.Nxd5 Nc7 35.Nc3 Qxa2 36.Nxa2 Nd5
37.Nc3 Nb4 38.Na4 Bxa5 39.Bc3 Nc6 40.Bxa5 Nxa5 41.Nc5 Nc6 42.Nxa6 Nxd4 43.Kf1 Ke6
44.h4 Kd6 45.e3 Nc6 46.Ke2 Ne5 47.Nb4 Kc5 48.Nc2 Nf3 49.Ne1 Ne5 50.Nc2 Nc6
51.Kd2 Kc4 52.Na3+ Kc5 53.Nc2 Kd6 54.Na3 Kd5 55.Nc2 g6 56.Na3 Ne5 57.Nc2 Nf3+
58.Ke2 Kc4 59.Ne1 Ng1+ 60.Kf1 Nf3 61.Ke2 Ne5 62.Nc2 Nf3 63.Ne1  1/2-1/2

[Event "TCh-CZE 2010-11"]
[Site "Czech Rep CZE"]
[Date "2011.03.05"]
[Round "8.2"]
[White "Jaracz,P"]
[Black "Jurcik,Mari"]
[Result "1-0"]
[WhiteElo "2543"]
[BlackElo "2471"]

1.c4 e5 2.g3 Nf6 3.Bg2 d5 4.cxd5 Nxd5 5.Nc3 Be6 6.Nf3 Nc6 7.O-O Nb6 8.d4 exd4
9.Nb5 Be7 10.Bf4 Rc8 11.Nfxd4 Nxd4 12.Nxd4 Bd5 13.Bh3 O-O 14.Qc2 Bf6 15.Bxc8 Qxc8
16.Rad1 c5 17.Nb5 Qh3 18.f3 Bc4 19.Nd6 Ba6 20.Rf2 Qe6 21.Ne4 Be7 22.Bd6 Bxd6
23.Rxd6 Qxa2 24.Nxc5 Nc4 25.Rd4 Bb5 26.e4 Qa1+ 27.Qd1 Qa5 28.Nxb7 Qb6 29.Nd6 Ne3
30.Qd2 Nc2 31.Qxc2  1-0

[Event "ch-PriFO A"]
[Site "Tolyatti RUS"]
[Date "2011.03.10"]
[Round "1.7"]
[White "Sharafiev,A"]
[Black "Yemelin,A"]
[Result "1/2-1/2"]
[WhiteElo "2453"]
[BlackElo "2240"]

1.c4 e5 2.g3 g6 3.Bg2 Bg7 4.Nc3 d6 5.Nf3 Ne7 6.d4 exd4 7.Nxd4 Nbc6 8.Nc2 O-O
9.Nd5 Ne5 10.b3 c6 11.Nxe7+ Qxe7 12.Ba3 Rd8 13.O-O f5 14.Qd2 Be6 15.Rad1 c5
16.Ne3 Rd7 17.Nd5 Qf8 18.Nf4 Bf7 19.Bb2 Re8 20.Qc2 Nc6 21.e3 Ne7 22.h4 Nc8
23.h5 Bxb2 24.Qxb2 Qg7 25.Qc2 Ne7 26.hxg6 hxg6 27.Rd2 g5 28.Nd5 Nxd5 29.Bxd5 Bxd5
30.Rxd5 Re5 31.Rfd1 Rxd5 32.Rxd5 Qa1+ 33.Kg2 Rh7 34.Kf3 g4+ 35.Kf4 Qh1 36.Rxf5 Rg7
37.Qe2 Qh6+ 38.Ke4 Qe6+ 39.Kf4 Qh6+ 40.Ke4 Qe6+  1/2-1/2

[Event "TCh-FIN 2010-11"]
[Site "Helsinki FIN"]
[Date "2011.03.12"]
[Round "8.8"]
[White "Lindqvist,TE"]
[Black "Tuononen,J"]
[Result "0-1"]
[WhiteElo "2187"]
[BlackElo "1911"]

1.c4 e5 2.g3 Nf6 3.Bg2 d5 4.cxd5 Nxd5 5.Nf3 Nc6 6.Nc3 Nb6 7.O-O Be7 8.a3 g5
9.b4 g4 10.Ne1 h5 11.Nc2 Be6 12.b5 Na5 13.Rb1 f5 14.d3 h4 15.Nb4 hxg3 16.hxg3 Bd6
17.Qc2 Qe7 18.Ncd5 Qf7 19.Nxb6 axb6 20.Bg5 Bc5 21.e3 Rh5 22.Bh4 f4 23.exf4 exf4
24.Be4 Rxh4 25.gxh4 O-O-O 26.d4 Bxd4 27.Bg6 Qd7 28.Rfe1 Kb8 29.Qe4 g3 30.Nd3 Bc4
31.Red1 gxf2+ 32.Nxf2 Qg4+ 33.Qg2 Bxf2+ 34.Kxf2 Qe2+ 35.Kg1 Rxd1+ 36.Rxd1 Qxd1+
37.Kh2 f3 38.Qf2 Qd6+ 39.Qg3 f2 40.Qxd6 cxd6 41.h5 f1=Q  0-1

[Event "TCh-Paulista"]
[Site "Sao Paolo BRA"]
[Date "2011.03.12"]
[Round "5.5"]
[White "Santos,Marcu"]
[Black "Vescovi,G"]
[Result "1/2-1/2"]
[WhiteElo "2365"]
[BlackElo "2631"]

1.c4 e5 2.g3 Nf6 3.Bg2 Nc6 4.Nc3 Bb4 5.Nd5 a5 6.Nf3 d6 7.O-O Bc5 8.d3 h6
9.b3 O-O 10.Bb2 Bg4 11.h3 Bxf3 12.Bxf3 Bd4 13.Bxd4 exd4 14.Qd2 Nd7 15.Bg2 Nc5
16.Rab1 Ne6 17.a3 Nb8 18.Nf4  1/2-1/2

[Event "TCh-SVK Extraliga 2010-11"]
[Site "Slovakia SVK"]
[Date "2011.03.12"]
[Round "7.6"]
[White "Petran,Pe"]
[Black "Straka,Joz"]
[Result "0-1"]
[WhiteElo "2330"]
[BlackElo "2015"]

1.g3 e5 2.c4 Nf6 3.Nc3 d5 4.cxd5 Nxd5 5.Bg2 Nb6 6.d3 Be7 7.a3 O-O 8.Nf3 Nc6
9.b4 a6 10.O-O Be6 11.Bb2 f6 12.Ne4 Qd7 13.Rc1 Rad8 14.Re1 Qe8 15.e3 Nc4
16.Re2 Nxb2 17.Rxb2 f5 18.Neg5 Bd5 19.Rd2 Kh8 20.Nh3 h6 21.d4 e4 22.Ne5 g5
23.Nxc6 bxc6 24.Kh1 Bd6 25.Rc3 Qg6 26.Rdc2 Ra8 27.f3 Qh5 28.g4 fxg4 29.fxg4 Qh4
30.Kg1 Rf3 31.Bxf3 exf3 32.e4 Bxe4 33.Rxf3 Qxg4+ 34.Kf2 Bxf3 35.Qxf3 Rf8  0-1

[Event "ch-PriFO A"]
[Site "Tolyatti RUS"]
[Date "2011.03.15"]
[Round "6.8"]
[White "Ostanin,V"]
[Black "Frolov,Arti"]
[Result "0-1"]
[WhiteElo "2316"]
[BlackElo "2445"]

1.c4 e5 2.g3 Nf6 3.Bg2 d5 4.cxd5 Nxd5 5.Nc3 Nb6 6.Nf3 Nc6 7.O-O Be7 8.d4 exd4
9.Nb5 Bf6 10.Bf4 Nd5 11.Bg5 Bxg5 12.Nxg5 Qxg5 13.Bxd5 O-O 14.Bxc6 bxc6 15.Nxd4 Rd8
16.Nf3 Qf6 17.Qc2 Bf5 18.Qc3 Qxc3 19.bxc3 c5 20.Rfd1 Rd6 21.Kf1 f6 22.Rd2 Rad8
23.Rb2 Rb6 24.Rb3 a5 25.Ra3 Ra8 26.Ra4 Be6 27.Ne1 Bh3+ 28.Kg1 Rb2 29.Re4 Rab8
30.f3 Bf5 31.Re7 Bb1 32.a3 Kf8 33.Rxc7 Rxe2 34.Kf1 Rxh2 35.Kg1 Rd2 36.Ng2 Rd1+
37.Kh2 Rb2 38.g4 Rdd2 39.Kh3 g5 40.Ne3 Rd3 41.Rxb1 Rxb1 42.Nf5 Rxf3+ 43.Kg2 Rxc3
44.Rc8+ Kf7 45.Rc7+ Ke6 46.Re7+ Kd5 47.Ne3+ Kd4 48.Nf5+ Kc4 49.Re4+ Kb3 50.Ng3 Rb2+
51.Kh3 h5 52.a4 h4 53.Rb4+ axb4  0-1

[Event "1st Alpine Ski Open"]
[Site "Anzere SUI"]
[Date "2011.03.19"]
[Round "4.5"]
[White "Chatalbashev,B"]
[Black "Altenburger,R"]
[Result "1-0"]
[WhiteElo "2602"]
[BlackElo "2009"]

1.c4 e5 2.g3 d6 3.Bg2 c6 4.Nc3 g6 5.d4 Qc7 6.Nf3 Nf6 7.c5 Nbd7 8.cxd6 Bxd6
9.Bg5 h6 10.dxe5 Bxe5 11.Bd2 Bd6 12.Rc1 Qb8 13.O-O g5 14.Qc2 Nc5 15.h4 Ng4
16.Ne4 Nxe4 17.Qxe4+ Be6 18.hxg5 hxg5 19.Bxg5 Rh5 20.Bh4 Be7 21.Bxe7 Kxe7
22.Nd4 Qe5 23.Nxe6 Qxe4 24.Bxe4 Kxe6 25.Bf3 Rg5 26.Rfd1 Re8 27.Rd4 Ne5 28.Bg2 Rh5
29.Rcd1 Re7 30.g4  1-0

[Event "e2e4 Uxbridge Open"]
[Site "Denham ENG"]
[Date "2011.03.19"]
[Round "2"]
[White "Mangione,C"]
[Black "Tserendorj,S"]
[Result "1/2-1/2"]
[WhiteElo "2110"]
[BlackElo "1942"]

1.c4 e5 2.g3 c6 3.d4 Nf6 4.Bg2 exd4 5.Qxd4 Na6 6.Nf3 Bb4+ 7.Nc3 O-O 8.O-O h6
9.Rd1 Qe7 10.Bf4 d5 11.cxd5 Bxc3 12.Qxc3 Nxd5 13.Qe5 Qxe5 14.Bxe5 Re8 15.e3 Bg4
16.Bd4 f6 17.a3 Nac7 18.h3 Bh5 19.b4 a5 20.bxa5 Rxa5 21.Rdb1 c5 22.Bb2 Bg6
23.Rc1 Rb5 24.Ra2 Bf7 25.Bf1 Ra5 26.Raa1 b6 27.Nd2 Rb8 28.Ne4 Kf8 29.Be2 Ke7
30.g4 Ne6 31.Nc3 Nxc3 32.Bxc3 Ra7 33.f3 h5 34.Rcb1 Nc7 35.a4 hxg4 36.hxg4 Be8
37.Bd1 Nd5 38.Bd2 Bc6 39.Kf2 g5 40.Bc2 b5 41.axb5 Rxa1 42.Rxa1 Rxb5 43.Be4 Nb4
44.Ra7+ Kf8 45.Bg6 Rb7 46.Ra5 Rb5 47.Ra7 Rb7  1/2-1/2